Journal Of Public Policy & Marketing (Record no. 42345)

MARC details
000 -LEADER
fixed length control field 00320nam a22001217a 4500
008 - FIXED-LENGTH DATA ELEMENTS--GENERAL INFORMATION
fixed length control field 241016b |||||||| |||| 00| 0 eng d
022 ## - INTERNATIONAL STANDARD SERIAL NUMBER
International Standard Serial Number 07439156
041 ## - LANGUAGE CODE
Language code of text/sound track or separate title Eng
245 ## - TITLE STATEMENT
Title Journal Of Public Policy & Marketing
260 ## - PUBLICATION, DISTRIBUTION, ETC.
Place of publication, distribution, etc. Dehli
Name of publisher, distributor, etc. Sage Publication
Date of publication, distribution, etc. 2024
856 ## - ELECTRONIC LOCATION AND ACCESS
Uniform Resource Identifier <a href="journals.sagepub.com/home/ppo">journals.sagepub.com/home/ppo</a>
942 ## - ADDED ENTRY ELEMENTS (KOHA)
Koha item type Serial
Holdings
Withdrawn status Lost status Source of classification or shelving scheme Damaged status Not for loan Home library Current library Date acquired Serial Enumeration / chronology Total Checkouts Barcode Date last seen Price effective from Koha item type
    Dewey Decimal Classification     IMTN IMTN 10/16/2024 Vol. 43, No. 1   P81 10/16/2024 10/16/2024 Serial
    Dewey Decimal Classification     IMTN IMTN 10/16/2024 Vol. 43, No. 2   P82 10/16/2024 10/16/2024 Serial
    Dewey Decimal Classification     IMTN IMTN 10/16/2024 Vol. 43, No. 3   P83 10/16/2024 10/16/2024 Serial
    Dewey Decimal Classification     IMTN IMTN 12/02/2024 Vol. 43, No. 4   P108 12/02/2024 12/02/2024 Serial
    Dewey Decimal Classification     IMTN IMTN 11/25/2025 Vol. 44, No. 1   P1041 11/25/2025 11/25/2025 Serial
    Dewey Decimal Classification     IMTN IMTN 11/25/2025 Vol. 44, No. 2   P1042 11/25/2025 11/25/2025 Serial
    Dewey Decimal Classification     IMTN IMTN 11/25/2025 Vol. 44, No. 3   P1043 11/25/2025 11/25/2025 Serial
    Dewey Decimal Classification     IMTN IMTN 11/25/2025 Vol. 44, No. 4   P1044 11/25/2025 11/25/2025 Serial
Designed & Maintained by: LRC IMT Nagpur Contact: lrc@imtnag.ac.in© 2024. All Rights Reserved.